Stories that want to be told : the long lede anthology /

Passion pieces from the next generation of Australian long-form journalists. Arlie Alizzi lifts the lid on trans powerlifting. Pondering why she is no longer a Catholic, Claire Keenan explores Catholicism in rural Australia. Dan Jervis-Bardy looks at the death of a Sudanese child refugee and the res...

Full description

Bibliographic Details
Other Authors: Alizzi, Arlie (Contributor)
Format: Book
Language:English
Published: [North Sydney] : Vintage Books, 2024.
Subjects:

MARC

Tag First Indicator Second Indicator Subfields
LEADER 00000cam a2200000 i 4500
001 in00005652016
003 OCoLC
005 20260320144610.5
008 230920s2024 xnaa 000 0 eng d
035 |a (OCoLC)1416954228 
040 |a YDX  |e rda  |c YDX  |d HUL  |d EEM 
020 |a 9780143779353  |q pbk 
020 |a 0143779354  |q pbk 
050 4 |a PR9614.92  |b .S76 2024 
082 0 |a A828.4  |2 23 
245 0 0 |a Stories that want to be told :  |b the long lede anthology /  |c featuring, Arlie Alizzi [and eight others]. 
264 1 |a [North Sydney] :  |b Vintage Books,  |c 2024. 
300 |a 249 pages :  |b illustrations ;  |c 24 cm. 
336 |a text  |b txt  |2 rdacontent 
337 |a unmediated  |b n  |2 rdamedia 
338 |a volume  |b nc  |2 rdacarrier 
505 0 |a Resistance training / Arlie Alizzi -- Born a Cathloic, raised a Catholic: why I no longer practise my faith / Claire Keenan -- What happened to Safa Annour? / Dan Jervis-Bardy -- Broken chains / Esther Linder -- The best way out is always through / Hessom Razavi -- Fighting on / Liz Gooch -- On cups / Penny Craswell -- The extraordinary Edward: a life stripped bare / Sam Elkin -- No one is safe / Wing Kuang. 
520 |a Passion pieces from the next generation of Australian long-form journalists. Arlie Alizzi lifts the lid on trans powerlifting. Pondering why she is no longer a Catholic, Claire Keenan explores Catholicism in rural Australia. Dan Jervis-Bardy looks at the death of a Sudanese child refugee and the resources dispersed when a child who is not white dies. Esther Linder investigates the world of food supply chains in Australia and how tenuous they are. Hessom Razavi challenges Australia's response to the global refugee crisis. Liz Gooch delves into women's access to sport in Afghanistan and around the world. After examining cups, Penny Craswell writes about their power, meaning and value. Sam Elkin shakes up colonial Australian history with his portrait of Edward de Lacy Evans. And Wing Kuang follows up on sexual consent education in culturally and linguistically diverse communities. The strongest proponents of long-form journalism in Australia, Amanda Hooton, Michael Brissenden, Margaret Simons, Victoria Laurie, Paddy Manning, Matthew Drummond, Ceridwen Dovey, Nick Feik and Maddison Connaughton, mentored these nine writers as they developed stories they knew needed to be shared. These are outstanding stories you don't want to miss. 
650 0 |a Australian literature  |y 21st century. 
650 0 |a Anthologies. 
650 0 |a Social problems. 
700 1 |a Alizzi, Arlie,  |e contributor. 
945 |b 462040 
947 |a A14852297291 
948 |a dmitchel 3/20/26 9.44.28 
980 |b print  |c 40032785251  |f NONFIC/B  |g 565714  |k USD  |m 15.18  |q 1  |s AcqMono Conventional  |t Approval plan  |u Vendor order reference number  |v ZYBP  |y Print approval  |z Physical resource 
999 f f |i d4bc0f97-97ac-444f-952e-9e40858c0c0b  |s 68b5570b-5fe4-469b-9b05-8eed0ba6a627  |t 0 
952 f f |p normal  |a Texas A&M University  |b College Station  |c Sterling C. Evans Library  |s Evans stk  |d Evans: Library Stacks  |t 0  |e PR9614.92 .S76 2024  |h Library of Congress classification  |i unmediated -- volume  |m A14852297291 
998 f f |a PR9614.92 .S76 2024  |t 0  |l Evans: Library Stacks